The official brainrot quiz for skibidi sigmas - Statistics

General Stats
  • This quiz has been taken 126 times
    115 since last reset
  • The average score is 39 of 89
Answer Stats
Hint Answer % Correct
Ability to attract females Rizz
94%
Lone wolf, very few people are this Sigma
93%
Leader of the pack Alpha
89%
YouTube shorts series featuring evil bathroom appliances Skibidi Toilet
83%
Drink that comes with the above, created by KSI Prime
78%
Song by KSI and Trippie Red Thick of It
75%
Purple milkshake from McDonalds Grimace Shake
72%
Large posterior Gyatt
72%
"I'VE PLAYED ____ _____ BEFORE!!!" THESE GAMES
72%
What you say when you steal your friend's food Fanum Tax
70%
Imagine if Ninja got a ___ _____ ____ Low Taper Fade
70%
Never go to his parties, there may be baby oil involved Diddy
69%
Someone who has the quality above Rizzler
69%
The energy that surrounds you, having more is good Aura
68%
_______ Jockeyyyyy Chicken
68%
____ ____, spit on that thang! Hawk Tuah
68%
That feeling when ____ ______ is tomorrow Knee Surgery
67%
Exersize to improve one's jawline Mewing
67%
When the imposter is ___ Sus
67%
Game where you win a victory royale Fortnite
65%
Lunchables equivalent created by Mr. Beast, Logan Paul, and KSI Lunchly
65%
The weirdest state Ohio
65%
When you stop before you finish Edging
64%
Streamer who loves Ronaldo IShowSpeed
64%
The game imposters and crewmates are from Among Us
63%
Pig that always calls you John Pork
63%
Talking too much about unimportant things Yapping
62%
Character depicted in the meme above The Grinch
59%
Enemy of the above answer Cameraman
58%
Video game played on half the screen so people can play attention Subway Surfers
58%
An anthroporporphic dog with a gray sweatshirt and his hands in his pockets Chill Guy
56%
More intense version of the above Gooning
54%
Improving one's looks Looksmaxxing
53%
Synonym for delusional Delulu
51%
Song by Travis Scott, "I hope they play ____" Fein
51%
Freaky spongebob, who also calls you Freakbob
51%
Podcast that she made Talk Tuah
51%
Enemy/rival Opp
48%
Water that you should avoid at all costs Still Water
48%
Event on TikTok filled with brainrot Tiktok Rizz Party
48%
Complimenting someone to the point where it's annoying Glazing
47%
Very basic and boring person, most people are this Beta
46%
"__ __ ____. As a child I yearned for the mines" I am Steve
46%
A kill achieved by a player with a sniper rifle by shooting without scoping in, after performing a 360-degree turn. 360 no scope
44%
How to get the "straight guys" to freeze English or Spanish
44%
Where should you buy a property if you want them to give you the property? Egypt
42%
Looking better than one's peers/companions Mogging
42%
I have an essay due tomorrow, I gotta ____ __ Lock In
41%
"let me ____" Cook
38%
Very _____, very mindful Demure
38%
Dance created by football player Allen Davis Griddy
38%
Song associated with Lebron You Are my Sunshine
38%
Hot dog Glizzy
36%
Females/potential love interest Huzz
36%
Streamer who coined several brainrot terms Kai Cenat
36%
Band known for a specific shade of blue Weezer
36%
Exersize to make your meat longer(not medically recommended) Jelqing
33%
Kumala kumala kumala ______ Savesta
33%
The size of a black hole CaseOh
32%
Who says the thing above? Hailey Welch
32%
Makeup store where you will likely spot 10 year olds Sephora
32%
Photoshopped picture of a dude with one eye and one piece of hair sticking up Eye of Rah
31%
Someone who eats a lot Big Back
30%
Song played at above event Carnival
28%
Women from the Balkans expressing their anger Balkan Rage
27%
Explanation of surprise or delight popularized by the show Young Sheldon Bazinga
27%
_______ chin chopped
27%
Type of metal Little John uses for designing homes Galvanized Square Steel
27%
What you say when something really pisses you off tspmo
27%
I'm about to _____ ___ Crash Out
26%
Meme based on a drawing of Sonia Tiebi by her daughter Hyperpigmentation
26%
Very flamboyant Zesty
26%
Turkish _______ ______ Quandale Dingle
25%
Casual, calm, and relaxed Nonchalant
22%
2024 word of the year Brainrot
21%
_______ mod Discord
20%
Nickname of Madden San Miguel Baby Gronk
17%
My name is _____. I made the mimic. It was difficult to put the pieces together. Edwin
17%
Child star who underwent a massive glow-down Jojo Siwa
17%
Type of wood he uses Eco Friendly Wood Veneer
15%
Describes an attractive person Fine Shyt
14%
Dogs are often depicted paying money to this guy Bill Collector
10%
Yo what's up ____ Chat
9%
Crazy? I was crazy once. They locked me in a room. A rubber room. A rubber room with rats and rats make me crazy.
9%
US president who wore a Miku binder Thomas Jefferson
9%
"Hey look, we've got _____ " 8 free pizzas
7%
I got racks now ______ Rhonda
6%
Who does he borrow screws from? His Second Aunt
4%
You know what else is crazy? How the low taper fade meme is still massive
2%
No matching quizzes found
Score Distribution
Percent of People with Each Score
Percentile by Number Answered
Your Score History
You have not taken this quiz since the last reset